00665nam a2200217Ia 4500008004100000020001800041041000800059082001600067100002500083245005400108250000600162260004700168300000800215365001300223650002800236650002500264700002100289942001200310999001900322952010600341140306s9999 xx 000 0 und d a0 582 71166 5 aeng a332bJUT/EC aJuttner Johnannes, D aEconomic and managemetn of financial institutions a1 aMelbournebLongman Chestine Pvt Ltdc 1987 a628 bU.K.P.27 aFinancial institutuions afinancial management aValentoines, Tom 2ddccBK c184996d184996 00102ddc4070aKAUCBVbKAUCBVd2004-08-03g0.00l0o332 JUT/ECr2014-03-22 00:00:00w2014-03-22yBK